| 000 | 01463cam a22003737a 4500 | ||
|---|---|---|---|
| 003 | CHAP | ||
| 005 | 20220329134657.0 | ||
| 008 | 971013s ne a r 00010 eng d | ||
| 010 | _a24085 | ||
| 011 | _a25057 | ||
| 035 | _a29157 | ||
| 040 | _cCHAP | ||
| 082 | 0 | 4 |
_a635.977 _bB74 |
| 100 | 0 | 0 |
_aBreteler, F. J. _915249 |
| 245 | 1 | 4 |
_aThe African Dichapetalaceae ; a taxonomical revision _c/por F. J. Breteler |
| 260 |
_aWageningen : _bVeenman & Zonen, _c19- |
||
| 300 |
_av. : _bilus., gráfs. |
||
| 490 | 0 |
_aMededelingen Landbouwhogeschool _v; 73-13- |
|
| 500 | _aLa bilioteca tiene : v.1, v.4, v.5, v.7, v.8, v.9, | ||
| 590 |
_aBATCH-UPD _b10 _c20130110 _lUCH01 _h0246 |
||
| 590 |
_aBATCH-UPD _b10 _c20130110 _lUCH01 _h2250 |
||
| 590 |
_aCONVERSION _b10 _c20130109 _lUCH01 _h1314 |
||
| 650 | 1 | 4 |
_aArbustos _xAfrica. _96714 |
| 650 | 1 | 4 |
_aDichapetalaceae. _932453 |
| 830 | 0 |
_aMededelingen Landbouwhogeschool _v; 73-13- _973858 |
|
| 901 | _aBK | ||
| 942 | _cLIBRO | ||
| 949 |
_a635.977 B74 _bBC _cLIBRO _d33724000259271 _eLIBRO _fv.1 _h44602 _i29157 _si |
||
| 949 |
_a635.977 B74 _bBC _cLIBRO _d33724000259289 _eLIBRO _fv.4 _h44603 _i29157 _si |
||
| 949 |
_a635.977 B74 _bBC _cLIBRO _d33724000259297 _eLIBRO _fv.5 _h49851 _i29157 _si |
||
| 949 |
_a635.977 B74 _bBC _cLIBRO _d33724000259305 _eLIBRO _fv.7 _h66354 _i29157 _si |
||
| 949 |
_a635.977 B74 _bBC _cLIBRO _d33724000259313 _eLIBRO _fv.8 _h66401 _i29157 _si |
||
| 949 |
_a635.977 B74 _bBC _cLIBRO _d33724000259321 _eLIBRO _fv.9 _h69870 _i29157 _si |
||
| 999 |
_c24085 _d24085 |
||